Detalles MARC
| 000 -CABECERA |
| campo de control de longitud fija |
02565nam a2200325 c 4500 |
| 001 - NÚMERO DE CONTROL |
| campo de control |
a5982656 |
| 003 - IDENTIFICADOR DEL NÚMERO DE CONTROL |
| campo de control |
SpMaBN |
| 005 - FECHA Y HORA DE LA ÚLTIMA TRANSACCIÓN |
| campo de control |
20210326131736.0 |
| 008 - DATOS DE LONGITUD FIJA--INFORMACIÓN GENERAL |
| campo de control de longitud fija |
170619s2017 sp a 001 0 spa |
| 020 ## - NÚMERO INTERNACIONAL ESTÁNDAR DEL LIBRO |
| Número Internacional Estándar del Libro |
9788491101956 |
| Información calificativa |
obra completa |
| 020 ## - NÚMERO INTERNACIONAL ESTÁNDAR DEL LIBRO |
| Número Internacional Estándar del Libro |
9788491101901 |
| Información calificativa |
t. 1 |
| 035 ## - NÚMERO DE CONTROL DEL SISTEMA |
| Número de control de sistema |
(OCoLC)992752832 |
| 040 ## - FUENTE DE LA CATALOGACIÓN |
| Centro catalogador/agencia de origen |
SpMaBN |
| Centro/agencia transcriptor |
AR-RoIUNI |
| 080 ## - NÚMERO DE LA CLASIFICACIÓN DECIMAL UNIVERSAL |
| Número de la Clasificación Decimal Universal |
612.39 GIL |
| 100 1# - ENTRADA PRINCIPAL--NOMBRE DE PERSONA |
| 9 (RLIN) |
163 |
| Nombre de persona |
Gil Hernández, Ángel |
| 243 ## - TÍTULO UNIFORME COLECTIVO |
| Título uniforme |
<a href="Tratado de nutrición">Tratado de nutrición</a> |
| 245 10 - MENCIÓN DE TÍTULO |
| Título |
Tratado de nutrición |
| Mención de responsabilidad, etc. |
Director Ángel Gil Hernández |
| Resto del título |
Bases fisiológicas y bioquímicas de la nutrición |
| Número de parte o sección de la obra |
Tomo 1 |
| 250 ## - MENCIÓN DE EDICIÓN |
| Mención de edición |
3ª ed. |
| 260 ## - PUBLICACIÓN, DISTRIBUCIÓN, ETC. (PIE DE IMPRENTA) |
| Lugar de publicación, distribución, etc. |
Buenos Aires : |
| Nombre del editor, distribuidor, etc. |
Panamericana , |
| Fecha de publicación, distribución, etc. |
2017 |
| 300 ## - DESCRIPCIÓN FÍSICA |
| Extensión |
5 v. |
| Otras características físicas |
il. col., gráf. |
| Dimensiones |
29 cm |
| 500 ## - NOTA GENERAL |
| Nota general |
Incluye clave de acceso para el contenido adicional en línea |
| 505 1# - NOTA DE CONTENIDO CON FORMATO |
| Nota de contenido con formato |
t. 1. Bases fisiológicas y bioquímicas de la nutrición /coordinadores, Luis Fontana Gallego, Fermín Sánchez de Medina Contreras (XXX, 609 p.) -- t. 2. Bases moleculares de la nutrición / coordinadoras, Concepción María Aguilera García, Olga Martínez Agustín (XXX, 576 p.) -- t. 3. Composición y calidad nutritiva de los alimentos / coordinadoras, Reyes Artacho Martín-Lagos, María Dolores Ruiz López (XXX, 783 p.) -- t. 4. Nutrición humana en el estado de salud / coordinadores, Mercedes Gil Campos, José Maldonado Lozano, Emilio Martínez de Victoria Muñoz (XXXI, 724 p.) --t. 5. Nutrición y enfermedad / coordinadores, Rosa Burgos Peláez, Cristina Cuerda Compés, Miguel León Sanz, José Maldonado Lozano, Pilar Matía Martín (XXXIV, 1144 p.) |
| 650 10 - PUNTO DE ACCESO ADICIONAL DE MATERIA--TÉRMINO DE MATERIA |
| Término de materia o nombre geográfico como elemento inicial |
Nutrición |
| 9 (RLIN) |
164 |
| 650 10 - PUNTO DE ACCESO ADICIONAL DE MATERIA--TÉRMINO DE MATERIA |
| Término de materia o nombre geográfico como elemento inicial |
Enfermería |
| 9 (RLIN) |
86 |
| 650 #7 - PUNTO DE ACCESO ADICIONAL DE MATERIA--TÉRMINO DE MATERIA |
| Término de materia o nombre geográfico como elemento inicial |
Salud |
| 9 (RLIN) |
228 |
| 942 ## - ELEMENTOS DE PUNTO DE ACCESO ADICIONAL (KOHA) |
| Fuente del sistema de clasificación o colocación |
Clasificación Decimal Universal |
| Tipo de ítem Koha |
Libros |
| 956 ## - LOCALIZACIÓN Y ACCESO ELECTRÓNICOS LOCAL (OCLC) |
| Nombre del host |
2 |
| 980 ## - EQUIVALENCIA O REFERENCIA-CRUZADA-MENCIÓN DE SERIE--NOMBRE DE PERSONA/TÍTULO [LOCAL, CANADÁ] |
| Nombre de persona |
M 7114-2017 (t. 1)aM 1016-2017 (t. 2) |
| -- |
M 1017-2017 (t. 3) |
| -- |
M 10918-2017 (t. 4) |
| -- |
M 1019-2017 (t. 5) |
| Numeración |
Oficina Depósito Legal Madrid |
| Nombre de persona |
978-84-9110-195-6 |
| Forma completa/desarrollada del nombre |
obra completa |
| Nombre de persona |
978-84-9110-190-1 |
| Forma completa/desarrollada del nombre |
t. 1 |
| Nombre de persona |
978-84-9110-191-8 |
| Forma completa/desarrollada del nombre |
t. 2 |
| Nombre de persona |
978-84-9110-192-5 |
| Forma completa/desarrollada del nombre |
t. 3 |
| Nombre de persona |
978-84-9110-195-6 |
| Forma completa/desarrollada del nombre |
t. 4 |
| Nombre de persona |
978-84-9110-194-9 |
| Forma completa/desarrollada del nombre |
t. 5 |
| Nombre de persona |
Encuadernación en cartoné |
| -- |
SpMaBN |
| Numeración |
BNALCALA |
| Calificador de atribución |
12/1139718-12/1139722 |
| Títulos y otros términos asociados al nombre |
SG_PETANTI |
| Enlace entre campo y número de secuencia |
1 |
| Nombre de persona |
t. |
| Enlace entre campo y número de secuencia |
1.1 |
| Nombre de persona |
1 |
| Enlace entre campo y número de secuencia |
1.2 |
| Nombre de persona |
2 |
| Enlace entre campo y número de secuencia |
1.3 |
| Nombre de persona |
3 |
| Enlace entre campo y número de secuencia |
1.4 |
| Nombre de persona |
4 |
| Enlace entre campo y número de secuencia |
1.5 |
| Nombre de persona |
5 |
| Enlace entre campo y número de secuencia |
0 |
| Nombre de persona |
5 t. |
| 980 ## - EQUIVALENCIA O REFERENCIA-CRUZADA-MENCIÓN DE SERIE--NOMBRE DE PERSONA/TÍTULO [LOCAL, CANADÁ] |
| Nombre de persona |
M 7114-2017 (t. 1)aM 1016-2017 (t. 2) |
| -- |
M 1017-2017 (t. 3) |
| -- |
M 10918-2017 (t. 4) |
| -- |
M 1019-2017 (t. 5) |
| Numeración |
Oficina Depósito Legal Madrid |
| Nombre de persona |
978-84-9110-195-6 |
| Forma completa/desarrollada del nombre |
obra completa |
| Nombre de persona |
978-84-9110-190-1 |
| Forma completa/desarrollada del nombre |
t. 1 |
| Nombre de persona |
978-84-9110-191-8 |
| Forma completa/desarrollada del nombre |
t. 2 |
| Nombre de persona |
978-84-9110-192-5 |
| Forma completa/desarrollada del nombre |
t. 3 |
| Nombre de persona |
978-84-9110-195-6 |
| Forma completa/desarrollada del nombre |
t. 4 |
| Nombre de persona |
978-84-9110-194-9 |
| Forma completa/desarrollada del nombre |
t. 5 |
| Nombre de persona |
Encuadernación en cartoné |
| -- |
SpMaBN |
| Numeración |
BNALCALA |
| Calificador de atribución |
DL/2458957-DL/2458961 |
| Títulos y otros términos asociados al nombre |
CONSERVACI |
| Enlace entre campo y número de secuencia |
1 |
| Nombre de persona |
t. |
| Enlace entre campo y número de secuencia |
1.1 |
| Nombre de persona |
1 |
| Enlace entre campo y número de secuencia |
1.2 |
| Nombre de persona |
2 |
| Enlace entre campo y número de secuencia |
1.3 |
| Nombre de persona |
3 |
| Enlace entre campo y número de secuencia |
1.4 |
| Nombre de persona |
4 |
| Enlace entre campo y número de secuencia |
1.5 |
| Nombre de persona |
5 |
| Enlace entre campo y número de secuencia |
0 |
| Nombre de persona |
4 t. |